Directory of college courses in radio and television school year 1961-1962 (Record no. 1343188)

MARC details
000 -LEADER
fixed length control field 00579nam a2200181Ia 4500
005 - DATE AND TIME OF LATEST TRANSACTION
control field 20250508153502.0
008 - FIXED-LENGTH DATA ELEMENTS--GENERAL INFORMATION
fixed length control field 008 250505s9999 xx 000 0 eng d
037 ## - SOURCE OF ACQUISITION
Stock number Books to be hide in OPAC
040 ## - CATALOGING SOURCE
Original cataloging agency FEDL
Language of cataloging eng
Transcribing agency FEDL
041 ## - LANGUAGE CODE
Language code of text/sound track or separate title eng
Source of code eng
084 ## - COLON CLASSIFICATION NUMBER
Classification number 378.73, UNI/O
Assigning agency FEDL
100 ## - MAIN ENTRY--PERSONAL NAME
Personal name Hamill Patricia Beall
9 (RLIN) 763998
245 #0 - TITLE STATEMENT
Title Directory of college courses in radio and television school year 1961-1962
245 #0 - TITLE STATEMENT
Statement of responsibility, etc. U S Department of Health, Education, and Welfare
300 ## - PHYSICAL DESCRIPTION
Extent 65p.
942 ## - ADDED ENTRY ELEMENTS (KOHA)
Koha item type Books to be hide in OPAC
Classification part 378.73, UNI/O
Holdings
Withdrawn status Lost status Damaged status Not for loan Home library Current library Date acquired Total Checkouts Full call number Barcode Date last seen Price effective from Koha item type
        Department of Education Library Department of Education Library 2025-05-08   378.73, UNI/O EL0026318 2025-05-08 2025-05-08 Books to be hide in OPAC
Copyright @ Delhi University Library System